000 00568nam a2200181Ia 4500
003 IN-BaIIA
008 211028s9999 xx 000 0 eng d
040 _cIIA Library
080 _a517.3
_bEDW-1
100 _aEdwards, Joseph
_95274
245 2 _aA treatise on the integral calculus
_bvol. 1, with applications, examples and problems
_cJoseph Edwards
260 _aNew York
_bChelsea
_c1930
300 _axxi, 907p.
650 _aCalculus
_91611
650 _aIntegral calculus
650 _aNASA Thesaurus
942 _cBK
999 _c2954
_d2954